[Event "V4 OPEN - International Championship of Slovakia 2
[Site "Banska Stiavnica"]
[Date "2013.07.07"]
[Round "2"]
[Board "70"]
[White "Karas, Juraj"]
[Black "Topolovsky, Vincent"]
[Result "1-0"]
[WhiteElo "1732"]
[BlackElo "1952"]
[PlyCount "81"]
[EventDate "2013.07.06"]
[EventRounds "9"]
[EventCountry "SVK"]

1. e4 c5 2. Nf3 Nc6 3. Bb5 a6 4. Bxc6 bxc6 5. c4 d6 6. d3 Bg4 7. O-O Nf6 8. Re1
e5 9. Nbd2 Be7 10. Nf1 O-O 11. h3 Bd7 12. Ng3 Qc8 13. Kh2 Ne8 14. Bd2 g6 15.
Qe2 Qd8 16. Qe3 Ng7 17. Qh6 f6 18. Rh1 Rf7 19. Kg1 Bf8 20. Qe3 f5 21. exf5 gxf5
22. Qe2 Ne6 23. h4 Be7 24. h5 Rb8 25. Rb1 Nf4 26. Qf1 h6 27. Bxf4 exf4 28. Ne2
Bg5 29. Qc1 Qa5 30. a3 Rb3 31. Nxf4 Bxf4 32. Qxf4 Rxd3 33. Qxh6 Rg7 34. Nh4 Qd2
35. Qxd2 Rxd2 36. b4 cxb4 37. Rxb4 Ra2 38. Rb8+ Kf7 39. Rh3 Rg4 40. h6 Re2 41.
h7 1-0

[Event "V4 OPEN - International Championship of Slovakia 2
[Site "Banska Stiavnica"]
[Date "2013.07.07"]
[Round "2"]
[Board "71"]
[White "Stanko, Ivan"]
[Black "Volcko, Richard"]
[Result "0-1"]
[WhiteElo "1949"]
[BlackElo "1766"]
[PlyCount "102"]
[EventDate "2013.07.06"]
[EventRounds "9"]
[EventCountry "SVK"]

1. e4 e5 2. Nc3 Nc6 3. Nf3 Nf6 4. d4 exd4 5. Nxd4 Bb4 6. Nxc6 bxc6 7. Bd3 O-O
8. O-O d5 9. exd5 cxd5 10. Bg5 c6 11. Qf3 Be7 12. Rfe1 h6 13. Bf4 Bd6 14. Bxd6
Qxd6 15. Na4 Bg4 16. Qg3 Qxg3 17. hxg3 Rfe8 18. f3 Bd7 19. Nc5 Rxe1+ 20. Rxe1
Re8 21. Kf2 Rxe1 22. Kxe1 Bc8 23. Kf2 Kf8 24. Ke3 Ke7 25. g4 Kd6 26. b4 Ke5 27.
c3 g5 28. a3 h5 29. gxh5 Nxh5 30. Nb3 Nf4 31. Bf1 Ne6 32. g3 f5 33. Na5 Bd7 34.
Ba6 f4+ 35. gxf4+ gxf4+ 36. Ke2 d4 37. c4 c5 38. b5 Ng5 39. Bb7 Kd6 40. Nb3 Be6
41. Nd2 Ke5 42. a4 Kd6 43. a5 Kc7 44. Ba8 Nf7 45. Be4 Ne5 46. Bd3 Bf7 47. Ne4
Nxc4 48. Nxc5 Nxa5 49. Kd2 Nb3+ 50. Nxb3 Bxb3 51. Be4 Bc4 0-1

[Event "V4 OPEN - International Championship of Slovakia 2
[Site "Banska Stiavnica"]
[Date "2013.07.07"]
[Round "2"]
[Board "72"]
[White "Jablonicky, Martin"]
[Black "Hudec, Timotej"]
[Result "1-0"]
[WhiteElo "1933"]
[BlackElo "1644"]
[PlyCount "115"]
[EventDate "2013.07.06"]
[EventRounds "9"]
[EventCountry "SVK"]

1. g3 d5 2. Bg2 e6 3. c4 Nf6 4. d4 Be7 5. Nd2 O-O 6. Ngf3 Nbd7 7. O-O c5 8. Qc2
b6 9. dxc5 bxc5 10. e4 dxe4 11. Nxe4 Bb7 12. Nfg5 Qc7 13. Re1 h6 14. Bf4 Qb6
15. Nxf6+ Nxf6 16. Ne4 Nxe4 17. Bxe4 Bxe4 18. Rxe4 Bf6 19. Rb1 Rfd8 20. b3 Rd7
21. Be5 Bxe5 22. Rxe5 Qd6 23. Qe4 Rc8 24. Qe3 Qd4 25. Qxd4 Rxd4 26. Rb2 Kf8 27.
f4 Ke7 28. Rbe2 Rd6 29. f5 Rc7 30. Kf2 Kf6 31. g4 a6 32. h4 a5 33. g5+ hxg5 34.
hxg5+ Ke7 35. Kf3 Rc8 36. Ke3 Kd7 37. f6 gxf6 38. gxf6 Kc6 39. Rh2 Rd7 40. Rh7
Rcd8 41. Rhh5 Rd3+ 42. Kf4 R3d4+ 43. Kg5 Rg8+ 44. Kh6 Rh8+ 45. Kg7 Rxh5 46.
Rxh5 Rd7 47. Rh8 Ra7 48. Re8 Kd6 49. Kf8 e5 50. Re7 Rd7 51. Ke8 Rc7 52. Kd8 Rc6
53. Ke8 Rc7 54. Kxf7 e4 55. Kf8 Rc8+ 56. Re8 Kd7 57. Rxc8 Kxc8 58. f7 1-0

[Event "V4 OPEN - International Championship of Slovakia 2
[Site "Banska Stiavnica"]
[Date "2013.07.07"]
[Round "2"]
[Board "73"]
[White "Rabovszky, Gyorgy"]
[Black "Kahancova, Jana"]
[Result "1-0"]
[WhiteElo "1923"]
[BlackElo "1636"]
[PlyCount "149"]
[EventDate "2013.07.06"]
[EventRounds "9"]
[EventCountry "SVK"]

1. e4 e5 2. f4 Nc6 3. Nf3 exf4 4. d4 g5 5. d5 Nb8 6. Qd4 Qf6 7. e5 Qg7 8. Bb5
Ne7 9. e6 Qxd4 10. Nxd4 Bg7 11. exf7+ Kxf7 12. Nf3 h6 13. Nc3 d6 14. O-O Bxc3
15. bxc3 Nxd5 16. Bc4 Be6 17. Nd4 c6 18. g3 Rg8 19. Ba3 Nc7 20. Nxe6 Nxe6 21.
Bxd6 Nd7 22. Kh1 Nb6 23. Bb3 Nd5 24. gxf4 gxf4 25. Bxf4 Nexf4 26. Rxf4+ Ke7 27.
Re1+ Kd6 28. Rh4 Rg6 29. Rd1 Ke6 30. Rh5 Rag8 31. c4 Nb6 32. c5+ Nd5 33. Re1+
Kd7 34. Rd1 Ke6 35. Rh3 Rf8 36. Re3+ Kf7 37. Bxd5+ cxd5 38. Rxd5 Rb8 39. Rd7+
Kf8 40. Rf3+ Kg8 41. Rg3 Rxg3 42. hxg3 Rc8 43. Rxb7 Rxc5 44. Rb2 Rc7 45. Kg2
Kf7 46. Kf3 Re7 47. c4 Ke8 48. c5 Rc7 49. Rc2 Rc6 50. Ke4 Kd7 51. Kd5 Kc7 52.
g4 Rg6 53. Rc4 Rg5+ 54. Ke6 Kc6 55. Kf6 Kb5 56. Rf4 Rg8 57. Kf7 Rg5 58. Ke6
Rg6+ 59. Kd5 Rg5+ 60. Rf5 Rxg4 61. c6 Rc4 62. a4+ Rxa4 63. Rf7 Ra1 64. Rb7+ Ka6
65. Kd6 Rc1 66. Rb2 Rd1+ 67. Ke7 Re1+ 68. Kd7 Rd1+ 69. Kc8 h5 70. c7 h4 71. Kb8
Rc1 72. c8=Q+ Rxc8+ 73. Kxc8 h3 74. Kc7 h2 75. Rxh2 1-0

[Event "V4 OPEN - International Championship of Slovakia 2
[Site "Banska Stiavnica"]
[Date "2013.07.07"]
[Round "2"]
[Board "74"]
[White "Urbanic, Martin"]
[Black "Sedlacek, Richard"]
[Result "1-0"]
[WhiteElo "1912"]
[BlackElo "1628"]
[PlyCount "53"]
[EventDate "2013.07.06"]
[EventRounds "9"]
[EventCountry "SVK"]

1. e4 e5 2. Nf3 d6 3. Bc4 f5 4. d3 f4 5. d4 Qf6 6. Nc3 c6 7. Qd3 b5 8. Nxb5
cxb5 9. Bxb5+ Bd7 10. dxe5 dxe5 11. Qd5 Bd6 12. Bxd7+ Nxd7 13. Qxa8+ Bb8 14.
Qd5 Ne7 15. Qb3 Nc6 16. Bd2 Nc5 17. Qc4 Qe7 18. b4 Nd7 19. Qxc6 O-O 20. O-O Nb6
21. c4 Rc8 22. Qb5 Nxc4 23. Rfc1 Nd6 24. Rxc8+ Nxc8 25. Qxb8 Qe6 26. Rc1 h6 27.
Qxc8+ 1-0

[Event "V4 OPEN - International Championship of Slovakia 2
[Site "Banska Stiavnica"]
[Date "2013.07.07"]
[Round "2"]
[Board "75"]
[White "Medvec, Miroslav"]
[Black "Zicho, Tony"]
[Result "1-0"]
[WhiteElo "1905"]
[BlackElo "1618"]
[PlyCount "119"]
[EventDate "2013.07.06"]
[EventRounds "9"]
[EventCountry "SVK"]

1. e4 c6 2. Nc3 d5 3. d3 dxe4 4. Nxe4 Bf5 5. Ng3 Bg6 6. Nf3 Nd7 7. Be2 Ngf6 8.
O-O e6 9. Re1 Qc7 10. Bf1 Be7 11. Bg5 h6 12. Bd2 Nh5 13. Bc3 Nxg3 14. hxg3 Bf6
15. Bxf6 Nxf6 16. Ne5 Bh7 17. d4 O-O 18. c3 Rad8 19. Qf3 c5 20. dxc5 Qxc5 21.
Qxb7 Rb8 22. Qc6 Qxc6 23. Nxc6 Rxb2 24. Nxa7 Ra8 25. Nb5 Rbxa2 26. Rxa2 Rxa2
27. Rc1 Bc2 28. c4 Nd7 29. c5 Nxc5 30. Nd4 Nb3 31. Rxc2 Rxc2 32. Nxc2 Nc5 33.
f3 h5 34. Kf2 g6 35. Ke3 Kg7 36. Bb5 e5 37. Nb4 f6 38. Nd5 Kf7 39. Nc3 f5 40.
Na4 Nb7 41. Kd3 Nd6 42. Bc6 f4 43. gxf4 exf4 44. Nb6 g5 45. Bd7 Kg6 46. Nc4 Nb7
47. Be8+ Kh6 48. Ke4 Nc5+ 49. Kf5 Nd3 50. Nd6 Ne1 51. Nf7+ Kg7 52. Nxg5 h4 53.
Kxf4 Nxg2+ 54. Kg4 Kf6 55. Ne4+ Ke5 56. Kh3 Ne1 57. Kg4 Ng2 58. Bc6 h3 59. Kxh3
Kf4 60. Kxg2 1-0

[Event "V4 OPEN - International Championship of Slovakia 2
[Site "Banska Stiavnica"]
[Date "2013.07.07"]
[Round "2"]
[Board "76"]
[White "Pal, Csanad"]
[Black "Jancsy, Peter"]
[Result "1-0"]
[WhiteElo "1878"]
[BlackElo "1613"]
[PlyCount "61"]
[EventDate "2013.07.06"]
[EventRounds "9"]
[EventCountry "SVK"]

1. e4 e5 2. Nf3 Nf6 3. d4 exd4 4. e5 Qe7 5. Be2 Nd5 6. Qxd4 Qb4+ 7. c3 Qxd4 8.
Nxd4 a6 9. Nd2 Bc5 10. N2b3 Bxd4 11. Nxd4 O-O 12. O-O c5 13. Nf5 Nc6 14. f4
Nde7 15. Nd6 f6 16. Bc4+ Kh8 17. Nf7+ Kg8 18. exf6 Rxf7 19. Bxf7+ Kxf7 20. fxe7
Nxe7 21. Be3 d6 22. Rad1 Nf5 23. Bf2 h5 24. Rfe1 Be6 25. b3 a5 26. Rb1 Ne7 27.
c4 b6 28. Rbd1 Rd8 29. Bh4 Rd7 30. Bxe7 Kxe7 31. f5 1-0

[Event "V4 OPEN - International Championship of Slovakia 2
[Site "Banska Stiavnica"]
[Date "2013.07.07"]
[Round "2"]
[Board "77"]
[White "Jandl, Vojtech"]
[Black "Miklasova, Emma"]
[Result "1-0"]
[WhiteElo "1837"]
[BlackElo "1601"]
[PlyCount "83"]
[EventDate "2013.07.06"]
[EventRounds "9"]
[EventCountry "SVK"]

1. e4 e5 2. Nf3 Nc6 3. Bc4 Nf6 4. d3 Be7 5. Nc3 O-O 6. O-O d6 7. d4 Bg4 8. dxe5
Nxe5 9. Be2 Bxf3 10. Bxf3 Nfd7 11. Bg4 Nf6 12. Be2 c6 13. Be3 d5 14. exd5 Nxd5
15. Nxd5 Qxd5 16. Qxd5 cxd5 17. Rad1 Rfd8 18. Bd4 Nc6 19. Bf3 Nb4 20. c3 Nxa2
21. Ra1 Nxc3 22. bxc3 Rd7 23. Rxa7 Rxa7 24. Bxa7 Bf6 25. Rd1 Bxc3 26. Rxd5 Rxd5
27. Bxd5 b5 28. Kf1 g6 29. Ke2 Kg7 30. Bc6 b4 31. Kd3 h5 32. Bd4+ Bxd4 33. Kxd4
f6 34. Kc4 g5 35. Kxb4 Kg6 36. Be8+ Kh6 37. Kc5 f5 38. Kd5 h4 39. Ke5 f4 40.
Kf5 Kg7 41. Kxg5 Kf8 42. Bc6 1-0

[Event "V4 OPEN - International Championship of Slovakia 2
[Site "Banska Stiavnica"]
[Date "2013.07.07"]
[Round "2"]
[Board "78"]
[White "Brnusak, Andrej"]
[Black "Nasuta, Andrzej"]
[Result "0-1"]
[WhiteElo "1566"]
[BlackElo "1818"]
[PlyCount "92"]
[EventDate "2013.07.06"]
[EventRounds "9"]
[EventCountry "SVK"]

1. e4 e5 2. Nf3 Nc6 3. Bb5 a6 4. Bxc6 dxc6 5. d4 exd4 6. Qxd4 Bg4 7. Qe5+ Qe7
8. Qxe7+ Bxe7 9. Ne5 Be6 10. Be3 O-O-O 11. Nd2 f6 12. Nd3 Bd6 13. a3 Nh6 14.
Bxh6 gxh6 15. O-O-O Rhg8 16. g3 c5 17. f4 c4 18. Nf2 Bc5 19. Rhf1 c3 20. Nb3
Be3+ 21. Kb1 Bc4 22. Nd3 cxb2 23. Rf3 Bb6 24. Kxb2 Rd7 25. Nd2 Bf7 26. Rff1
Rgd8 27. Nb3 c5 28. Nf2 c4 29. Rxd7 Rxd7 30. Nc1 h5 31. h4 Rd2 32. Nd1 Rg2 33.
Rf3 Bd4+ 34. Nc3 Be8 35. Kb1 Bd7 36. N1e2 Bc5 37. f5 Bxa3 38. Nf4 Rg1+ 39. Ka2
Bd6 40. Nxh5 Be5 41. Nf4 b5 42. Nfd5 Kb7 43. Nb1 a5 44. Nbc3 b4 45. Nb1 Bc6 46.
Re3 Rg2 0-1

[Event "V4 OPEN - International Championship of Slovakia 2
[Site "Banska Stiavnica"]
[Date "2013.07.07"]
[Round "2"]
[Board "79"]
[White "Volna, Lukas"]
[Black "Piovar, Jaroslav"]
[Result "1-0"]
[WhiteElo "1809"]
[BlackElo "1564"]
[PlyCount "49"]
[EventDate "2013.07.06"]
[EventRounds "9"]
[EventCountry "SVK"]

1. Nc3 e5 2. e4 Nf6 3. f4 d5 4. fxe5 Nxe4 5. d4 Nxc3 6. bxc3 c5 7. Nf3 c4 8.
Be2 Be7 9. O-O O-O 10. Qe1 Bf5 11. Bd1 Be6 12. Qg3 Kh8 13. Ng5 h6 14. Nxe6 fxe6
15. Rxf8+ Qxf8 16. Qg6 Nd7 17. Qxe6 Nb6 18. Bd2 Bh4 19. Bf3 Re8 20. Qg6 Rc8 21.
Rf1 Qg8 22. Bg4 Rf8 23. Bf5 Re8 24. Bxh6 Na4 25. Bd2 1-0

[Event "V4 OPEN - International Championship of Slovakia 2
[Site "Banska Stiavnica"]
[Date "2013.07.07"]
[Round "2"]
[Board "80"]
[White "Hurton, Dusan"]
[Black "Gonda, Jozef"]
[Result "0-1"]
[WhiteElo "1471"]
[BlackElo "1808"]
[PlyCount "156"]
[EventDate "2013.07.06"]
[EventRounds "9"]
[EventCountry "SVK"]

1. e4 c5 2. Nf3 d6 3. Nc3 Nc6 4. Bb5 Bd7 5. d4 cxd4 6. Nxd4 Nf6 7. O-O g6 8. f4
Bg7 9. Be3 O-O 10. Nf3 Ng4 11. Bd2 Qb6+ 12. Kh1 Nf2+ 13. Rxf2 Qxf2 14. Nd5 Qc5
15. a4 Bg4 16. Be3 Bxf3 17. gxf3 Nd4 18. b4 Qxc2 19. Nxe7+ Kh8 20. Bxd4 Qxd1+
21. Rxd1 a6 22. Bxg7+ Kxg7 23. Be2 Rfe8 24. Nd5 Rac8 25. Ne3 Rc3 26. Rd3 Rec8
27. Rxc3 Rxc3 28. Nd5 Rc2 29. Bf1 Rd2 30. Kg1 f5 31. Bg2 Rd1+ 32. Kf2 Rd2+ 33.
Kf1 Kf7 34. Kg1 Rd1+ 35. Bf1 fxe4 36. fxe4 Re1 37. Nc3 Re3 38. Bc4+ Kg7 39. Na2
Rxe4 40. Bd5 Re1+ 41. Kf2 Ra1 42. Ke3 b6 43. Nc3 Re1+ 44. Ne2 Rb1 45. Nd4 Rxb4
46. Bc6 Rb2 47. Nf3 b5 48. axb5 axb5 49. h3 b4 50. Nd4 Rh2 51. Bd7 Kf6 52. Be6
Rh1 53. Bd7 Rc1 54. Kd3 Ke7 55. Bg4 h5 56. Bf3 Kf6 57. Bd5 Rc3+ 58. Kd2 Rxh3
59. Be6 Rh2+ 60. Kd3 Rf2 61. Ke3 Rf1 62. Kd3 Rd1+ 63. Kc4 Rxd4+ 64. Kxd4 Kxe6
65. Kc4 Kf5 66. Kxb4 Kxf4 67. Kc4 Ke5 68. Kd3 g5 69. Ke3 g4 70. Kf2 Kf4 71. Kg2
h4 72. Kf2 d5 73. Kg2 Ke3 74. Kf1 h3 75. Kg1 g3 76. Kh1 d4 77. Kg1 Ke2 78. Kh1
d3 0-1

[Event "V4 OPEN - International Championship of Slovakia 2
[Site "Banska Stiavnica"]
[Date "2013.07.07"]
[Round "2"]
[Board "81"]
[White "Vrtiakova, Anna"]
[Black "Uhrin, Milan"]
[Result "1-0"]
[WhiteElo "1805"]
[BlackElo "1394"]
[PlyCount "71"]
[EventDate "2013.07.06"]
[EventRounds "9"]
[EventCountry "SVK"]

1. e4 e5 2. Nf3 Nc6 3. Nc3 Nf6 4. Bb5 d6 5. d4 Bd7 6. d5 a6 7. dxc6 Bxc6 8.
Bxc6+ bxc6 9. Bg5 h6 10. Bh4 Be7 11. O-O Rb8 12. b3 c5 13. Bxf6 Bxf6 14. Nd5
Be7 15. Qe2 Ra8 16. Nd2 c6 17. Nxe7 Qxe7 18. Nc4 O-O 19. Rad1 Rfd8 20. Rd2 d5
21. exd5 Rxd5 22. Rxd5 cxd5 23. Qxe5 Re8 24. Qxe7 Rxe7 25. Ne3 d4 26. Nc4 Re2
27. Rc1 f6 28. Kf1 Re6 29. Re1 Rc6 30. Ke2 Re6+ 31. Kd2 Rc6 32. Re8+ Kf7 33.
Rb8 Re6 34. Rb7+ Kg6 35. Rb6 Rxb6 36. Nxb6 1-0

[Event "V4 OPEN - International Championship of Slovakia 2
[Site "Banska Stiavnica"]
[Date "2013.07.07"]
[Round "2"]
[Board "82"]
[White "Feldvabl, Vilem"]
[Black "Grega, Jaroslav"]
[Result "1-0"]
[WhiteElo "1794"]
[BlackElo "1257"]
[PlyCount "45"]
[EventDate "2013.07.06"]
[EventRounds "9"]
[EventCountry "SVK"]

1. d4 d5 2. c4 c6 3. cxd5 cxd5 4. Nf3 Bf5 5. Nc3 Nc6 6. a3 a6 7. Qb3 Na5 8.
Qxd5 Qxd5 9. Nxd5 Rc8 10. Bf4 Nb3 11. Rd1 Bc2 12. Nc7+ Rxc7 13. Bxc7 Bxd1 14.
Kxd1 Nf6 15. Kc2 Na1+ 16. Kb1 Nb3 17. e3 a5 18. Bb5+ Nd7 19. Ne5 e6 20. Kc2
Nbc5 21. dxc5 Bxc5 22. Nxd7 Ke7 23. Nxc5 1-0

[Event "V4 OPEN - International Championship of Slovakia 2
[Site "Banska Stiavnica"]
[Date "2013.07.07"]
[Round "2"]
[Board "83"]
[White "Gregusova, Katarina"]
[Black "Marczuk, Anna"]
[Result "1/2-1/2"]
[WhiteElo "1544"]
[BlackElo "1778"]
[PlyCount "90"]
[EventDate "2013.07.06"]
[EventRounds "9"]
[EventCountry "SVK"]

1. d4 f5 2. Nf3 Nf6 3. e3 g6 4. c4 Bg7 5. Nc3 O-O 6. b3 d6 7. Bb2 h6 8. Bd3 Nc6
9. O-O e5 10. dxe5 dxe5 11. Bc2 e4 12. Nd4 Nxd4 13. exd4 Qe7 14. d5 Re8 15. Re1
Nh5 16. Rb1 Nf4 17. Ne2 Nxe2+ 18. Qxe2 Bxb2 19. Rxb2 Bd7 20. Bb1 Qg5 21. Qd2
Qf6 22. Rc2 g5 23. Qc3 Qf7 24. Rce2 Rad8 25. f3 exf3 26. Qxf3 Rxe2 27. Rxe2 Qf6
28. Rf2 Re8 29. Rf1 Re5 30. Qf2 b6 31. Qc2 g4 32. Qd3 Kg7 33. Bc2 Be8 34. Bd1
Bg6 35. Qd4 h5 36. b4 Re4 37. Qxe4 fxe4 38. Rxf6 Kxf6 39. Kf2 Ke5 40. Ke3 Bf5
41. g3 Bg6 42. Bc2 Bf5 43. a4 Bg6 44. Bb1 Bh7 45. Bc2 Bg6 1/2-1/2

[Event "V4 OPEN - International Championship of Slovakia 2
[Site "Banska Stiavnica"]
[Date "2013.07.07"]
[Round "2"]
[Board "84"]
[White "Hipszki, Julius"]
[Black "Rendla, Karol"]
[Result "1-0"]
[WhiteElo "1776"]
[BlackElo "1453"]
[PlyCount "59"]
[EventDate "2013.07.06"]
[EventRounds "9"]
[EventCountry "SVK"]

1. e4 e5 2. Nf3 Nc6 3. Bc4 h6 4. d4 exd4 5. Nxd4 Qf6 6. Nb5 Qd8 7. Qd5 Qf6 8.
Nxc7+ Kd8 9. Nxa8 Nb4 10. Qd1 Bc5 11. O-O Ne7 12. c3 Nbc6 13. b4 Bd6 14. f4 Bb8
15. Be3 Rf8 16. e5 Qg6 17. b5 Na5 18. Bd3 f5 19. b6 Nac6 20. Be2 Qe6 21. Na3 a6
22. Nc4 Nd5 23. Bd4 g5 24. Nc7 Nxc7 25. bxc7+ Bxc7 26. Bc5 Rh8 27. Nd6 g4 28.
Bc4 Qg6 29. Nf7+ Ke8 30. Nxh8 1-0

[Event "V4 OPEN - International Championship of Slovakia 2
[Site "Banska Stiavnica"]
[Date "2013.07.07"]
[Round "2"]
[Board "85"]
[White "Durica, Adam"]
[Black "Paulicka, Ivan"]
[Result "0-1"]
[WhiteElo "1450"]
[BlackElo "1775"]
[PlyCount "84"]
[EventDate "2013.07.06"]
[EventRounds "9"]
[EventCountry "SVK"]

1. e4 e5 2. Nf3 Nc6 3. Bc4 Bc5 4. c3 Nf6 5. d3 d6 6. Bb3 Nh5 7. Nxe5 Nxe5 8.
Qxh5 Bg4 9. Bxf7+ Kf8 10. Bg5 Bxh5 11. Bxd8 Nxd3+ 12. Kd2 Bxf7 13. Kxd3 Rxd8
14. Rf1 b5 15. Nd2 a5 16. Kc2 Re8 17. b3 Ke7 18. f4 Kd7 19. e5 dxe5 20. fxe5
Bg6+ 21. Kb2 Rxe5 22. Rad1 Re2 23. Ka1 Kc8 24. Nf3 Rxg2 25. Ne5 Ba3 26. Nxg6
hxg6 27. h4 Rxh4 28. Rh1 Rxh1 29. Rxh1 Bb2+ 30. Kb1 Bxc3 31. Rh3 Bf6 32. Rh8+
Kd7 33. Rf8 Rb2+ 34. Ka1 Rf2+ 35. Kb1 g5 36. a4 bxa4 37. bxa4 g4 38. Rh8 g3 39.
Rh5 g2 40. Rc5 g1=Q+ 41. Rc1 Rb2+ 42. Ka1 Qxc1# 0-1

[Event "V4 OPEN - International Championship of Slovakia 2
[Site "Banska Stiavnica"]
[Date "2013.07.07"]
[Round "2"]
[Board "86"]
[White "Vitek, Matej"]
[Black "Bango, Dominik"]
[Result "1-0"]
[WhiteElo "1771"]
[BlackElo "1337"]
[PlyCount "69"]
[EventDate "2013.07.06"]
[EventRounds "9"]
[EventCountry "SVK"]

1. d4 d6 2. Nf3 g6 3. c4 Bg7 4. Nc3 e6 5. e3 Ne7 6. Be2 O-O 7. b3 b6 8. Bb2 Bb7
9. Qc2 c5 10. Rd1 Qc7 11. O-O a6 12. Rd2 Rd8 13. Rfd1 Nbc6 14. a3 Rd7 15. dxc5
dxc5 16. Rxd7 Qc8 17. R7d2 Qc7 18. Ne4 Rd8 19. Rxd8+ Nxd8 20. Nf6+ Kh8 21. Rd7
Qc8 22. Rxe7 Bc6 23. Re8+ Bxe8 24. Nxe8 e5 25. Nxg7 Kxg7 26. Nxe5 f6 27. Ng4
Kf8 28. Qc3 Qd7 29. Nxf6 Qg7 30. Qe5 Qe7 31. Qd5 Qe6 32. Qxd8+ Kf7 33. Bf3 Qf5
34. Bd5+ Kg7 35. Ng4+ 1-0

[Event "V4 OPEN - International Championship of Slovakia 2
[Site "Banska Stiavnica"]
[Date "2013.07.08"]
[Round "3"]
[Board "2"]
[White "Markos, Jan"]
[Black "Nowak, Lukasz"]
[Result "1-0"]
[WhiteElo "2580"]
[BlackElo "1955"]
[PlyCount "71"]
[EventDate "2013.07.06"]
[EventRounds "9"]
[EventCountry "SVK"]

1. d4 Nf6 2. c4 e6 3. Nc3 Bb4 4. e3 O-O 5. Nge2 d5 6. a3 Bd6 7. c5 Be7 8. b4 b6
9. Ng3 c6 10. Be2 a5 11. Bd2 Nbd7 12. O-O Qc7 13. Qc2 Ba6 14. f3 Rfe8 15. Rac1
axb4 16. axb4 e5 17. Bxa6 Rxa6 18. Nf5 Bf8 19. Qd3 Raa8 20. g4 g6 21. Ng3 Bh6
22. Kg2 exd4 23. exd4 Bxd2 24. Qxd2 Nf8 25. h3 Re7 26. f4 Rae8 27. g5 N6d7 28.
f5 Re3 29. Qf2 f6 30. h4 bxc5 31. bxc5 fxg5 32. hxg5 Qa5 33. fxg6 Nxg6 34. Qf7+
Kh8 35. Qxd7 Rd8 36. Qxc6 1-0

[Event "V4 OPEN - International Championship of Slovakia 2
[Site "Banska Stiavnica"]
[Date "2013.07.08"]
[Round "3"]
[Board "3"]
[White "Puskar, Jan"]
[Black "Michalik, Peter"]
[Result "0-1"]
[WhiteElo "2014"]
[BlackElo "2579"]
[PlyCount "0"]
[EventDate "2013.07.06"]
[EventRounds "9"]
[EventCountry "SVK"]

1. d4 {[%clk 1:30:37]} Nf6 {[%clk 1:30:10]} 2. c3 {[%clk 1:30:10]} g6
{[%clk 1:29:56]} 3. Bg5 {[%clk 1:27:21]} Bg7 {[%clk 1:30:18]} 4. Nd2
{[%clk 1:26:45]} O-O {[%clk 1:29:44]} 5. Ngf3 {[%clk 1:26:16]} d6
{[%clk 1:28:58]} 6. e3 {[%clk 1:25:26]} Nc6 {[%clk 1:28:45]} 7. Bc4
{[%clk 1:23:11]} Qe8 {[%clk 1:25:19]} 8. O-O {[%clk 1:22:16]} Nd7
{[%clk 1:25:15]} 9. a4 {[%clk 1:20:39]} e5 {[%clk 1:24:25]} 10. a5
{[%clk 1:17:56]} a6 {[%clk 1:22:49]} 11. Ne1 {[%clk 1:11:35]} Kh8
{[%clk 1:20:22]} 12. Bh4 {[%clk 1:06:03]} Ne7 {[%clk 1:20:26]} 13. f3
{[%clk 0:59:26]} Nf5 {[%clk 1:19:38]} 14. Bf2 {[%clk 0:59:00]} exd4
{[%clk 1:19:09]} 15. exd4 {[%clk 0:59:02]} Ne3 {[%clk 1:19:33]} 16. Bxe3
{[%clk 0:56:27]} Qxe3+ {[%clk 1:19:57]} 17. Kh1 {[%clk 0:56:38]} Nf6
{[%clk 1:20:08]} 18. Nc2 {[%clk 0:54:01]} Qf4 {[%clk 1:16:34]} 19. Re1
{[%clk 0:48:10]} d5 {[%clk 1:13:53]} 20. Bd3 {[%clk 0:47:39]} Nh5
{[%clk 1:12:32]} 21. Nf1 {[%clk 0:46:06]} Qd6 {[%clk 1:12:31]} 22. b4
{[%clk 0:42:05]} Nf4 {[%clk 1:12:34]} 23. Ra2 {[%clk 0:41:39]} Bd7
{[%clk 1:12:24]} 24. Nce3 {[%clk 0:38:23]} Nxd3 {[%clk 1:11:22]} 25. Qxd3
{[%clk 0:38:43]} Rae8 {[%clk 1:11:25]} 26. Raa1 {[%clk 0:33:10]} Bb5
{[%clk 1:09:17]} 27. Qd2 {[%clk 0:31:53]} Bh6 {[%clk 1:07:22]} 28. Qf2
{[%clk 0:31:20]} Qc6 {[%clk 1:00:41]} 29. Ng4 {[%clk 0:25:33]} Bg7
{[%clk 0:56:23]} 30. Qd2 {[%clk 0:25:13]} Bxf1 {[%clk 0:48:14]} 31. Rxf1
{[%clk 0:25:25]} Re6 {[%clk 0:45:33]} 32. Rfe1 {[%clk 0:18:50]} Rfe8
{[%clk 0:45:16]} 33. g3 {[%clk 0:14:12]} Qd7 {[%clk 0:38:15]} 34. Kg2
{[%clk 0:12:07]} h5 {[%clk 0:33:26]} 35. Nf2 {[%clk 0:11:25]} Qe7
{[%clk 0:30:55]} 36. Rxe6 {[%clk 0:08:34]} Qxe6 {[%clk 0:31:17]} 37. Rd1
{[%clk 0:08:02]} Qe2 {[%clk 0:29:43]} 38. Qxe2 {[%clk 0:06:54]} Rxe2
{[%clk 0:30:07]} 39. Kf1 {[%clk 0:06:59]} Rc2 {[%clk 0:30:30]} 40. Rd3
{[%clk 0:07:02]} b6 {[%clk 0:29:02]} 41. axb6 {[%clk 0:04:52]} cxb6
{[%clk 0:26:42]} 42. Nd1 {[%clk 0:04:03]} a5 {[%clk 0:23:16]} 43. bxa5
{[%clk 0:04:03]} bxa5 {[%clk 0:23:02]} 44. Ne3 {[%clk 0:04:27]} Rxh2
{[%clk 0:21:06]} 45. Nxd5 {[%clk 0:04:45]} a4 {[%clk 0:21:30]} 46. Re3
{[%clk 0:30:38]} a3 {[%clk 0:51:37]} 47. Kg1 {[%clk 0:21:40]} Rb2
{[%clk 0:51:17]} 48. Re8+ {[%clk 0:20:50]} Kh7 {[%clk 0:51:40]} 49. Ra8
{[%clk 0:21:06]} a2 {[%clk 0:52:05]} 50. Rxa2 {[%clk 0:20:28]} Rxa2
{[%clk 0:52:30]} 0-1